UM Logo

Introduction to crimionology: (Record no. 4509)

MARC details
000 -LEADER
fixed length control field 00591nam a2200169 4500
008 - FIXED-LENGTH DATA ELEMENTS--GENERAL INFORMATION
fixed length control field 160912b xxu||||| |||| 00| 0 eng d
020 ## - INTERNATIONAL STANDARD BOOK NUMBER
International Standard Book Number 0534534449
082 ## - DEWEY DECIMAL CLASSIFICATION NUMBER
Edition number 2002
Classification number DC 364
Item number H12i
100 ## - MAIN ENTRY--PERSONAL NAME
9 (RLIN) 14520
Personal name Hagan, Frank E.
245 ## - TITLE STATEMENT
Title Introduction to crimionology:
Remainder of title theories, methods and criminal behavior/
Statement of responsibility, etc. Frank E. Hagan.
260 ## - PUBLICATION, DISTRIBUTION, ETC. (IMPRINT)
Place of publication, distribution, etc. Australia:
Name of publisher, distributor, etc. Wadsworth,
Date of publication, distribution, etc. c2002.
300 ## - PHYSICAL DESCRIPTION
Extent xxi, 577 pages:
Other physical details illustrations;
Dimensions 28 cm.
500 ## - GENERAL NOTE
General note Includes bibliographical references and indexes.
650 #0 - SUBJECT ADDED ENTRY--TOPICAL TERM
9 (RLIN) 14521
Topical term or geographic name as entry element Criminology
650 #0 - SUBJECT ADDED ENTRY--TOPICAL TERM
9 (RLIN) 14522
Topical term or geographic name as entry element Criminology
Chronological subdivision United States
942 ## - ADDED ENTRY ELEMENTS (KOHA)
Source of classification or shelving scheme Dewey Decimal Classification
Koha item type Circulation
Holdings
Withdrawn status Lost status Source of classification or shelving scheme Damaged status Not for loan Collection code Home library Current library Date acquired Source of acquisition Total Checkouts Full call number Barcode Date last seen Price effective from Koha item type
    Dewey Decimal Classification     Circulation UM Digos College - LIC UM Digos College - LIC   Photocopied   DC 364 H12i 2002 20602 06/08/2021 09/12/2016 Circulation